Statistics for UK Geography quiz

Click here to take the quiz!

General Stats

  • This quiz has been taken 75 times
  • The average score is 7 of 18

Answer Stats

HintAnswer% Correct
Largest nation in UKEngland
100%
Largest Welsh islandAnglesey
74%
Hexagonal rock forms in Northern IrelandGiants Causeway
71%
3 Welsh national parksSnowdonia
68%
Largest UK county (technically 4 seperate counties)Yorkshire
62%
Most southerly Efl football teamPlymouth Argyle
60%
3 Welsh national parksBrecon Beacons
54%
River dividing Devon and Cornwall (in South)Tamar
42%
Highest mountain not within a national parkBen Nevis
38%
3 Welsh national parksPembrokeshire
37%
Geographical term for what Durdle door isArch
26%
What Welsh county is Rhayader inPowys
25%
Concrete pillars ordnance survey used to measure the height of hillsTriangulation pillars
25%
Old Harry is aStack
20%
Geographical landform Llandudno lies onGreat Orme
14%
Biggest mountain in the peak districtKinder scout
14%
Hexagonal rock formation in ScotlandStaffa
9%
Where Sea level was originally measured for the ukNewlyn
5%

Score Distribution

Percentile by Number Answered

Percent of People with Each Score

Your Score History

You have not taken this quiz